| 000 | 00962nam a2200193Ia 4500 | ||
|---|---|---|---|
| 008 | 130821s1835 ck gr spa | ||
| 040 |
_aCo-BoUCM _bspa |
||
| 041 | 0 | 0 | _aspa |
| 110 | 1 |
_aColombia. _bMinisterio de Relaciones Exteriores |
|
| 245 | 1 | 0 |
_aExposición del Secretario de Estado, en el Despacho del Interior y relaciones Esteriores del Gobierno de la Nueva Granada al Congreso constitucional de 1835 sobre los negocios de su departamento. _cMinisterio de Relaciones Exteriores ; Lino de Pombo |
| 260 |
_aBogotá (Colombia) _bImprenta de Nicomedes Lora _c1835 |
||
| 300 | _a70 páginas, 5 hojas | ||
| 651 | 7 |
_aColombia _bMinisterio de Relaciones Exteriores _vInformes _y1835 _926606 |
|
| 651 | 7 |
_aColombia _bRelaciones internacionales _y1835 _926606 |
|
| 651 | 7 |
_aColombia _xAdministración pública _vInformes _y1835 _926606 |
|
| 700 | 1 |
_aPombo, Lino de _d1797-1862 |
|
| 942 |
_cLIBRO _a6 _e1 _mC718 _2DEWEY _h351.0006 |
||
| 999 |
_c62273 _d62273 |
||